00697nam a2200217 i 4500003000900000005001700009007000300026008004100029020001800070040003000088082000700118100002900125245007500154264005600229300002800285336002700313337003300340338002800373490001200401500006600413DO-SdBNP20240207082138.0ta240207b2022 sp ||||| |||| 00| 0 spa d a9788419115386 aDO-SdBNPbspacBNPHUerda 4222 aSabaris, Arlene,eautora13aLa isla de los secretos : bun romance en la colonia 1cArlene Sabaris aBarcelona, España :bPenguin Random House,c2022. a201 páginas ;c22 cm. 2rdacontentatextobtxt 2rdamediaasin mediaciónbn 2rdacarrieravolumenbnc aSelecta aIncluye datos biográficos de la autora en la contracubierta